<?xml version="1.0" encoding="UTF-8"?>
<record
    xmlns:xsi="http://www.w3.org/2001/XMLSchema-instance"
    xsi:schemaLocation="http://www.loc.gov/MARC21/slim http://www.loc.gov/standards/marcxml/schema/MARC21slim.xsd"
    xmlns="http://www.loc.gov/MARC21/slim">

  <leader>00955cam a2200265 a 4500</leader>
  <controlfield tag="001">77999</controlfield>
  <controlfield tag="003">BD-RjUL</controlfield>
  <controlfield tag="005">20211209083057.0</controlfield>
  <controlfield tag="008">890313s1963    ua       b    000 0 ararc</controlfield>
  <datafield tag="025" ind1=" " ind2=" ">
    <subfield code="a">PL480:UAR-3732</subfield>
  </datafield>
  <datafield tag="035" ind1=" " ind2=" ">
    <subfield code="a">(BD-RjUL)78225</subfield>
  </datafield>
  <datafield tag="040" ind1=" " ind2=" ">
    <subfield code="a">Princeton Univ. Libr.</subfield>
    <subfield code="c">WAU</subfield>
    <subfield code="d">OSU</subfield>
    <subfield code="d">CUY</subfield>
    <subfield code="d">EYM</subfield>
    <subfield code="b">eng</subfield>
  </datafield>
  <datafield tag="041" ind1=" " ind2=" ">
    <subfield code="a">ara</subfield>
  </datafield>
  <datafield tag="066" ind1=" " ind2=" ">
    <subfield code="c">(3</subfield>
  </datafield>
  <datafield tag="082" ind1=" " ind2=" ">
    <subfield code="2">23</subfield>
    <subfield code="a">297.8</subfield>
    <subfield code="b">ABM 1963</subfield>
  </datafield>
  <datafield tag="100" ind1="1" ind2=" ">
    <subfield code="a"> &#x623;&#x628;&#x648; &#x632;&#x647;&#x631;&#x629;&#x60C; &#x645;&#x62D;&#x645;&#x62F; ;; Ab&#x16B; Zahrah, Mu&#x1E25;ammad</subfield>
    <subfield code="6"> </subfield>
    <subfield code="9">245391</subfield>
  </datafield>
  <datafield tag="245" ind1="1" ind2="0">
    <subfield code="a"> &#x627;&#x644;&#x645;&#x630;&#x627;&#x647;&#x628; &#x627;&#x644;&#x625;&#x633;&#x644;&#x627;&#x645;&#x64A;&#x629;  ;; madh&#x101;hib al-Isl&#x101;m&#x12B;yah /</subfield>
    <subfield code="c">&#x645;&#x62D;&#x645;&#x62F; &#x623;&#x628;&#x648; &#x632;&#x647;&#x631;&#x629;. ;; Mu&#x1E25;ammad Ab&#x16B; Zahrah.</subfield>
  </datafield>
  <datafield tag="260" ind1=" " ind2=" ">
    <subfield code="a">[al-Q&#x101;hirah] :</subfield>
    <subfield code="b">Maktubat al adab wa matbuha ,</subfield>
    <subfield code="c">[1963?]</subfield>
  </datafield>
  <datafield tag="300" ind1=" " ind2=" ">
    <subfield code="a">390 p. ;</subfield>
    <subfield code="b">24 cm</subfield>
  </datafield>
  <datafield tag="504" ind1=" " ind2=" ">
    <subfield code="a">Includes bibliographical references.</subfield>
  </datafield>
  <datafield tag="505" ind1="0" ind2=" ">
    <subfield code="a">al-Juz&#x2BC; 1. F&#x12B; al-siy&#x101;sah wa-al-&#x2BF;aq&#x101;&#x2BC;id -- al-Juz&#x2BC; 2. F&#x12B; t&#x101;rikh al-madh&#x101;hib al-fiqh&#x12B;yah.</subfield>
  </datafield>
  <datafield tag="650" ind1=" " ind2="0">
    <subfield code="a">Islamic sects</subfield>
    <subfield code="9">245392</subfield>
  </datafield>
  <datafield tag="942" ind1=" " ind2=" ">
    <subfield code="2">ddc</subfield>
    <subfield code="c">BK</subfield>
  </datafield>
  <datafield tag="999" ind1=" " ind2=" ">
    <subfield code="c">77999</subfield>
    <subfield code="d">77999</subfield>
  </datafield>
  <datafield tag="952" ind1=" " ind2=" ">
    <subfield code="0">0</subfield>
    <subfield code="1">0</subfield>
    <subfield code="2">ddc</subfield>
    <subfield code="4">0</subfield>
    <subfield code="7">1</subfield>
    <subfield code="8">NFIC</subfield>
    <subfield code="a">RUCL</subfield>
    <subfield code="b">RUCL</subfield>
    <subfield code="c">Reading</subfield>
    <subfield code="d">1964-08-10</subfield>
    <subfield code="e">urdu library </subfield>
    <subfield code="g">30.00</subfield>
    <subfield code="l">0</subfield>
    <subfield code="o">A 297.8 ABM 1963</subfield>
    <subfield code="r">2021-02-28 00:00:00</subfield>
    <subfield code="t">C-1</subfield>
    <subfield code="w">2021-02-28</subfield>
    <subfield code="y">BK</subfield>
  </datafield>
</record>
